LEADER 00945nam0-22002891i-450- 001 990001242080403321 005 20100511111117.0 035 $a000124208 035 $aFED01000124208 035 $a(Aleph)000124208FED01 035 $a000124208 100 $a20001205d1978----km-y0itay50------ba 101 0 $aeng 102 $aDE 200 1 $a<>numerical treatment of differential equations$eproceedings of a Conference, held at Oberwolfach, July 4-10, 1976$fRoland Bulirsch, R.D. Grigorieff, Johann Schröder 210 $aBerlin [etc.]$cSpringer-Verlag$d1978 225 1 $aLecture notes in mathematics$v631 702 1$aBulirsch,$bRoland 702 1$aGrigorieff,$bRolf Dieter 702 1$aSchröder,$bJohann 801 0$aIT$bUNINA$gRICA$2UNIMARC 901 $aBK 912 $a990001242080403321 952 $aC-20-(631$b19643$fMA1 959 $aMA1 996 $aNumerical treatment of differential equations$980547 997 $aUNINA LEADER 01097nam0-2200325---450 001 990005625200203316 005 20221102090157.0 035 $a000562520 035 $aUSA01000562520 035 $a(ALEPH)000562520USA01 035 $a000562520 100 $a20020513d1992----|||y0itaa50------ba 101 $afre 102 $aFR 105 $a0 00||| 200 1 $aDiscours sur la religion et sur quelques autres sujets qui ont été trouvés après sa mort parmi ses papiers$f[par Blaise Pascal]$grestitués et publiés par Emmanuel Martineau 210 $aParis ; Armand Colin$cFayard$d1992 215 $a286 p.$d32 cm 620 $dPARIS 676 $a273.7 700 1$aPASCAL,$bBlaise$028760 702 1$aMARTINEAU,$bEmmanuel 801 0$aIT$bSA$c20111219 912 $a990005625200203316 950 0$aDipar.to di Filosofia - Salerno$dDFAA 273.7 PAS$e3949 FIL 951 $aAA 273.7 PAS$b3949 FIL 959 $aBK 969 $aFIL 996 $aDiscours sur la religion et sur quelques autres sujets qui ont été trouvés après sa mort parmi ses papiers$91134379 997 $aUNISA